|
|
|
|
| LEADER |
00000cam a2200000 cc4500 |
| 001 |
1165437767 |
| 003 |
DE-627 |
| 005 |
20240503193516.0 |
| 007 |
tu |
| 008 |
011112s1938 xx ||||| 00| ||eng c |
| 035 |
|
|
|a (DE-627)1165437767
|
| 035 |
|
|
|a (DE-576)095437762
|
| 035 |
|
|
|a (DE-599)BSZ095437762
|
| 035 |
|
|
|a (OCoLC)634539006
|
| 040 |
|
|
|a DE-627
|b ger
|c DE-627
|e rakwb
|
| 041 |
|
|
|a eng
|
| 084 |
|
|
|a 0
|2 ssgn
|
| 100 |
1 |
|
|0 (DE-588)12366750X
|0 (DE-627)314138153
|0 (DE-576)161118569
|4 aut
|a Ginzberg, Louis
|d 1872-1953
|
| 109 |
|
|
|a Ginzberg, Louis 1872-1953
|a Ginṣbûrg, Lēwi Ben-Yiṣḥāq 1872-1953
|a Ginṣberg, Lewi 1872-1953
|a Gintsburg, Leṿi 1872-1953
|a Gintzberg, Levi 1872-1953
|a Ginṣburg, Lūj 1872-1953
|a Gintsburg, Lui 1872-1953
|a Ginzberg, Levi 1872-1953
|a Ginṣbûrg, Lēwi 1872-1953
|a Gînṣbûrg, Lewî 1872-1953
|
| 245 |
1 |
4 |
|a The legends of the Jews
|n 7
|p Index / by Boaz Cohen
|c by Louis Ginzberg. [1 - 4] transl. from the German ms. by Henrietta Szold ...
|
| 246 |
3 |
0 |
|a Altes Testament
|
| 264 |
|
1 |
|a Philadelphia
|b The Jewish Publication Society of America
|c 1938
|
| 300 |
|
|
|a IX, 612 S.
|
| 336 |
|
|
|a Text
|b txt
|2 rdacontent
|
| 337 |
|
|
|a ohne Hilfsmittel zu benutzen
|b n
|2 rdamedia
|
| 338 |
|
|
|a Band
|b nc
|2 rdacarrier
|
| 583 |
1 |
|
|a Archivierung prüfen
|c 20200919
|f DE-640
|z 2
|2 pdager
|
| 583 |
1 |
|
|a Archivierung/Langzeitarchivierung gewährleistet
|f SSG
|x XA-DE-BW
|2 pdager
|5 DE-21
|
| 700 |
1 |
|
|0 (DE-588)132026082
|0 (DE-627)516848321
|0 (DE-576)298901498
|4 oth
|a Cohen, Boaz
|d 1899-1968
|
| 773 |
1 |
8 |
|a The legends of the Jews
|w (DE-627)1097046710
|w (DE-576)027046710
|g 7
|q 7
|7 nnam
|
| 951 |
|
|
|a MV
|
| ELC |
|
|
|b 1
|
| ITA |
|
|
|a 1
|t 1
|
| LOK |
|
|
|0 000 xxxxxcx a22 zn 4500
|
| LOK |
|
|
|0 001 2776174063
|
| LOK |
|
|
|0 003 DE-627
|
| LOK |
|
|
|0 004 1165437767
|
| LOK |
|
|
|0 005 20131121193711
|
| LOK |
|
|
|0 008 131121||||||||||||||||ger|||||||
|
| LOK |
|
|
|0 040
|a DE-21
|c DE-627
|d DE-21
|
| LOK |
|
|
|0 852
|a DE-21
|
| LOK |
|
|
|0 852 1
|c Fp 1287-7
|9 00
|
| LOK |
|
|
|0 935
|a dika
|a theo
|
| LOK |
|
|
|0 939
|a 21-11-13
|b l01
|
| ORI |
|
|
|a SA-MARC-ixtheoa001.raw
|
| REL |
|
|
|a 1
|
| SUB |
|
|
|a REL
|